000 00404nam a2200169Ia 4500
008 210210b1965 xxu||||| |||| 00| 0 eng d
041 _aeng
082 _a829/950
100 _aSCOTT (Sir W)
245 _aTalisman:Atkinson Ed
260 _aLondon
_bMacmillan & Co. Ltd.
_c1965
650 _aTalisman:Atkinson
650 _aTalisman
650 _aEd
690 _aEnglish Fiction
906 _a017565
999 _c137549
_d137549